01011cam a22003013a 4500001000500000005001700005008004100022020001500063040002800078050001500106082000800121100002300129245008400152246002700236260003500263300004600298490002500344500003000369505000800399520012800407521002000535521002000555650003600575650003000611650002100641655003000662700001700692107320230815160759.0001026s2000 nyu c 000 1 eng d a0439216397 aIEFcIEFdOCLdDLCbeng00aPZ7.B46626 aFic1 aBetancourt, Jeanne14aThe pony and the missing dog /cJeanne Betancourt ; illustrated by Paul Bachem.3 aPony & the missing dog aNew York :bScholastic,c2000. a85 pages :billustrations, 1 map ;c20 cm1 aPony Pals ;vBook 27 a"Little Apple paperback." aO  aPam's dog, Woolie, is lost! Together, the Pony Pals try to find him -- but it's Pam's pony, Lightning, that saves the day.  a600 bLexile  aO bRaz-Plus  0aAmerican fictiony20th century. 0aPoniesvJuvenile fiction. 0aPoniesvFiction. 7aChildren's stories.2lcsh1 aBachem, Paul